Loading...
| Fine Arts - Classical Music | 8 | 13.75 | 3,275% | 300% | 413% |
| Fine Arts - Other | 4 | 12.50 | 1,225% | 375% | 425% |
| Fine Arts - Painting & Sculpture | 3 | 13.33 | 6,033% | 267% | 0% |
| History - American | 6 | 8.33 | 1,350% | 283% | 283% |
| History - European | 5 | 10.00 | 1,280% | 120% | 500% |
| History - Other | 7 | 7.14 | 514% | 243% | 243% |
| History - World | 7 | 11.43 | 5,086% | 214% | 114% |
| Literature - American | 3 | 10.00 | 0% | 600% | 300% |
| Literature - British | 4 | 7.50 | 1,600% | 425% | 0% |
| Literature - European | 7 | 14.29 | 3,743% | 243% | 457% |
| Literature - World | 4 | 15.00 | 4,950% | 200% | 375% |
| Mythology | 6 | 8.33 | 1,067% | 150% | 417% |
| Other | 6 | 8.33 | 4,050% | 300% | 0% |
| Philosophy | 2 | 5.00 | 0% | 0% | 450% |
| Religion | 4 | 7.50 | 0% | 425% | 175% |
| Science - Biology | 3 | 16.67 | 1,633% | 233% | 833% |
| Science - Chemistry | 5 | 14.00 | 2,900% | 680% | 160% |
| Science - Other | 5 | 16.00 | 4,220% | 260% | 460% |
| Science - Physics | 3 | 13.33 | 1,633% | 500% | 300% |
| Social Science | 7 | 11.43 | 2,586% | 343% | 214% |